Co Powstało w tym Państwie? - Statystyki

Ogólne statystyki
  • Ten quiz został rozwiązany 25 razy
  • Średni wynik to 6 z 18
Statystyki odpowiedzi
Hint Odpowiedź % Poprawnych
Kamizelka Kuloodporna Polska
80%
Igrzyska Olimpijskie Grecja
70%
Wódka Rosja
60%
Disneyland USA
60%
Samochód z Silnikiem Spalinowym Niemcy
55%
Meczet Arabia Saudyjska
45%
Piłka Nożna Wielka Brytania
45%
Bank Włochy
25%
Teleskop Holandia
20%
Bezprzewodowe WI-FI Australia
15%
Długopis Argentyna
10%
Wino Chiny
10%
Prędkościomierz Chorwacja
10%
Głośnik Dania
10%
Suszarka do Włosów Francja
10%
Worek na śmieci Kanada
10%
Kolorowa Telewizja Meksyk
10%
Telefon Komórkowy Szwecja
10%
Nie znaleziono quizów pasujących do podanych kryteriów
Rozkład punktacji
Procent ludzi z każdym wynikiem
Percentyl według liczby udzielonych odpowiedzi
Twoja historia wyników
Nie rozwiązałeś tego quizu